| 000 | 00860nam a2200241 a 4500 | ||
|---|---|---|---|
| 001 | 21204 | ||
| 003 | BD-RjUL | ||
| 005 | 20211209000647.0 | ||
| 008 | 140303r19671943enk b 001 0 eng d | ||
| 035 | _a(BD-RjUL)21268 | ||
| 040 |
_aABN:1 _beng _cABN:1 _dABN:1 _dBD-RjUL |
||
| 041 | _aeng | ||
| 082 | 0 | 0 |
_a820.903 _bTIE 1967 |
| 100 | 1 |
_aTillyard, E. M. W. _q(Eustace Mandeville Wetenhall), _d1889-1962. _955052 |
|
| 245 | 1 | 4 |
_aThe Elizabethan world picture / _cby E.M.W. Tillyard. |
| 260 |
_aLondon : _bChatto & Windus, _c1943 [impression 1967]. |
||
| 300 |
_avii, 108 p. ; _c22 cm. |
||
| 504 | _aIncludes bibliographical references, and index. | ||
| 650 | 0 |
_aEnglish literature _yEarly modern, 1500-1700 _xHistory and criticism. _953256 |
|
| 650 | 0 |
_aReligious thought _y16th century. _965544 |
|
| 650 | 0 |
_aPhilosophy _xHistory _zEngland. _965545 |
|
| 942 |
_2ddc _cBK |
||
| 999 |
_c21204 _d21204 |
||